Вредные насекомые лесных питомников и культур Челябинской области / (Record no. 529658)
[ view plain ]
| 000 -LEADER | |
|---|---|
| fixed length control field | 00841nam a2200205 a 4500 |
| 001 - CONTROL NUMBER | |
| control field | 000892227 |
| 003 - CONTROL NUMBER IDENTIFIER | |
| control field | AM-YeHGA |
| 005 - DATE AND TIME OF LATEST TRANSACTION | |
| control field | 20250617164809.0 |
| 008 - FIXED-LENGTH DATA ELEMENTS--GENERAL INFORMATION | |
| fixed length control field | 120518s1962 ru r 000 0 rus d |
| 040 ## - CATALOGING SOURCE | |
| Original cataloging agency | AM-YeHGA |
| 041 0# - LANGUAGE CODE | |
| Language code of text/sound track or separate title | rus |
| 090 ## - LOCALLY ASSIGNED LC-TYPE CALL NUMBER (OCLC); LOCAL CALL NUMBER (RLIN) | |
| -- | 568140 |
| 100 1# - MAIN ENTRY--PERSONAL NAME | |
| Personal name | Распопов, П.М. |
| 245 10 - TITLE STATEMENT | |
| Title | Вредные насекомые лесных питомников и культур Челябинской области / |
| Statement of responsibility, etc. | П.М. Распопов, Ю.А. Малоземов; АН СССР, Урал. филиал, Ин-т биологии. |
| 260 ## - PUBLICATION, DISTRIBUTION, ETC. | |
| Place of publication, distribution, etc. | Свердловск : |
| Name of publisher, distributor, etc. | Б. и., |
| Date of publication, distribution, etc. | 1962. |
| 300 ## - PHYSICAL DESCRIPTION | |
| Extent | 82 с. : |
| Other physical details | табл., рис. ; |
| Dimensions | 21 см. |
| 650 14 - SUBJECT ADDED ENTRY--TOPICAL TERM | |
| Topical term or geographic name entry element | Типы лесов |
| 700 1# - ADDED ENTRY--PERSONAL NAME | |
| Personal name | Малоземов, Ю.А. |
| 710 2# - ADDED ENTRY--CORPORATE NAME | |
| Corporate name or jurisdiction name as entry element | Институт биологии АН СССР. |
| Subordinate unit | Уральский филиал |
| Withdrawn status | Lost status | Damaged status | Not for loan | Collection | Home library | Current library | Date acquired | Total checkouts | Full call number | Barcode | Date last seen | Price effective from | Koha item type | Public note |
|---|---|---|---|---|---|---|---|---|---|---|---|---|---|---|
| General | Fundamental Scientific Library | Fundamental Scientific Library | 08/04/2022 | РII/73235 | FL0676332 | 08/04/2022 | 08/04/2022 | Գրքեր / Books | 30 Days Loan |
ՀՀ Գիտությունների ազգային ակադեմիայի հիմնարար գիտական գրադարան = Fundamental Scientific Library of NAS RA
All site content, except where otherwise noted, is licensed under a